[Event "13th Poti Nana Aleksandria Cup"]
[Site "Poti"]
[Date "2018.07.16"]
[Round "5"]
[White "Mesropian, Khachatur"]
[Black "Shanya Mishra"]
[Result "1-0"]
[WhiteElo "2128"]
[BlackElo "1980"]
[Annotator "TA"]
[PlyCount "135"]
[EventDate "2018.07.13"]
[EventType "swiss"]
[EventCountry "GEO"]
[SourceTitle "playchess.com"]
[Source "ChessBase"]
[SourceQuality "1"]

{[%evp 23,134,-17,12,-42,-31,-41,-33,-65,-47,-48,-51,-46,-49,-103,-96,-107,-32,-29,-35,-34,0,0,7,0,0,0,0,0,0,-11,0,0,0,0,0,0,0,0,0,-20,-25,-32,-14,-20,0,0,92,95,260,261,345,303,269,0,0,0,0,0,0,0,0,0,0,0,0,0,0,0,340,347,319,325,287,275,369,352,346,168,462,346,456,449,1315,1238,2964,3221,1216,887,29982,29978,29982,752,1082,881,5625,586,12842,6011,6115,6079,29983,29984,29984,29985,29985,29986,29986,29987,29988,29989,29996,29997,29999]} 1. d4 {[%cal Bd2d4,Bd4d5][%mdl 32]} Nf6 2. c4 e6 3. Nc3 Bb4 4. Bg5 h6 5. Bh4 c5 6. d5 Bxc3+ 7. bxc3 d6 8. e3 e5 9. Bd3 e4 10. Bc2 Nbd7 11. Ne2 g5 {E31: Nimzo-Indian: Leningrad Variation: 4...h6 5 Bh4 c5 6 d5 d6} (11... Qe7 12. O-O g5 13. Bg3 Ne5 14. Bxe5 Qxe5 15. Ng3 Kd8 16. Qd2 g4 17. Rfb1 h5 18. Ne2 Nh7 19. Nf4 {½-½ (42) Jussupow,A (2589)-Oms Pallisse,J (2528) Barcelona 2010}) 12. Bg3 Qe7 {LiveBook: 5 Games} 13. Ba4 (13. h4 $11 O-O 14. Kd2) 13... Kf8 {Black is slightly better.} 14. Bxd7 Nxd7 $146 ({Predecessor:} 14... Bxd7 15. h4 Kg7 16. Rb1 Bg4 17. Qa4 Nh5 18. hxg5 hxg5 19. Bh2 Bxe2 20. Kxe2 {0-1 (29) Adler,B-Andruet,G Gausdal 1982}) 15. h4 Rg8 16. hxg5 hxg5 17. Qc2 Nb6 18. Qb3 (18. a4 $15) 18... Bg4 $17 19. a4 Rb8 (19... Kg7 $1 $17) 20. Rh6 $15 f6 21. Kd2 Nd7 22. Rah1 Kf7 23. Rh7+ Rg7 24. Rh8 Rxh8 25. Rxh8 Nf8 {[%cal Bd7f8,Bf8h7,Bh7f6][%mdl 32]} 26. Qb1 Bxe2 27. Kxe2 Rh7 28. Rxh7+ Nxh7 29. f3 f5 30. fxe4 fxe4 31. a5 Nf6 32. Qb5 Nh5 33. Bh2 {Black must now prevent a6.} g4 34. Bf4 $1 Nxf4+ (34... g3 $11 {keeps the balance.}) 35. exf4 $11 {[%mdl 4096] Endgame KQ-KQ} g3 $2 (35... Kf8 $16) 36. Qb1 $1 $18 Qf6 37. Qxe4 Qxc3 38. f5 $2 (38. Qe6+ $18 Kg7 39. Qd7+ (39. Qxd6 Qxc4+ 40. Kf3 Qf1+ 41. Kxg3 Qe1+ 42. Kg4 Qe2+ 43. Kh4 c4 $16) 39... Kg6 40. Qxd6+ Kf5 41. Qe5+ $1 {[%mdl 512]} (41. Qxc5 Qc2+ 42. Kf3 Qe4+ 43. Kxg3 Qxf4+ 44. Kh3 Qh6+ 45. Kg3 Qf4+ 46. Kh3 Qh6+ 47. Kg3 Qf4+ $11) 41... Qxe5+ 42. fxe5 Kxe5 43. Kf3) 38... Kf6 $11 39. Qe6+ Kg5 40. Qg6+ Kf4 41. Qxd6+ Kxf5 {Threatens to win with ...Qc2+.} 42. Qe6+ Kf4 43. Qh6+ Kg4 $1 44. Qg6+ Kf4 45. Qf7+ Kg5 $2 {[%mdl 8192]} (45... Kg4 $1 $11 {and Black stays safe.} 46. Qg6+ Kf4 47. Qd6+ Kg5) 46. Qe7+ $18 Kf5 47. Qh7+ (47. Qxc5 Qc2+ 48. Kf3 Qe4+ 49. Kxg3 Qf4+ 50. Kh3 Qh6+ 51. Kg3 Qf4+ 52. Kh3 Qh6+ 53. Kg3 Qf4+ $11) 47... Kg5 {[#]} 48. Qd3 $1 {[%cal Rd3c3]} Qxa5 49. Qxg3+ Kf5 {White should prevent ...Qa2+.} 50. Qd3+ (50. Qh3+ $142 Kg6 51. Qe6+ Kg5 52. Qe3+ Kf6 53. Qe6+ Kg5 54. Qe3+ Kg4 55. d6 Qa2+ 56. Qd2 Qxc4+ 57. Qd3 Qa2+ 58. Ke3) 50... Ke5 $2 (50... Kf6 51. g4 Qc7) 51. Qe3+ Kf5 52. Kf3 {aiming for d6.} Qb6 (52... Qa1 $142 53. g4+ (53. Qxc5 Qf1+ 54. Qf2 Qxc4 $11) 53... Kg6) 53. g4+ Kg6 54. Qe8+ Kg7 55. Qd7+ Kf8 56. Ke4 Qb4 57. Qf5+ (57. Kf5 $142 Qb1+ 58. Kf6 Qb2+ 59. Kg6 Qb6+ 60. d6 Qb1+ 61. Qf5+ Qxf5+ 62. Kxf5) 57... Kg7 58. Qe5+ Kh7 59. Qe7+ (59. Kf5 $142 {White wants to mate with Kf6.} Qxc4 60. Qc7+ Kg8 61. Qc8+ (61. Qxb7 Qd3+ 62. Ke6 Qe4+ 63. Kd6 c4 $16) 61... Kf7 62. Qxb7+ Kf8 63. Qb8+ (63. Qxa7 Qxd5+ 64. Kg6 Qd6+ 65. Kf5 Qd5+ 66. Kg6 Qd6+ 67. Kf5 Qd3+ 68. Kf6 Qd6+ 69. Kf5 $11) 63... Kf7 64. Qxa7+ Ke8 65. Qa8+ Kf7 66. Qb7+ Kg8 67. Qc8+ Kg7 68. Qd7+ Kg8 69. d6 Qd3+ 70. Kf6 Qc3+ 71. Ke7 Qg7+ 72. Kd8 Qg5+ 73. Qe7 Qxg4 74. d7) 59... Kh8 {Strongly threatening ...Qe1+.} 60. Qf6+ (60. Qf8+ $142 Kh7 61. Qf7+ Kh8 62. d6 Qb1+ 63. Ke5 Qe1+ 64. Kf5 Qf1+ 65. Ke6 Qe2+ 66. Kd7 Qxg4+ 67. Ke7 Qe4+ 68. Qe6 Qh7+ 69. Kf8 Qg7+ 70. Ke8) 60... Kh7 61. Qf7+ Kh8 62. d6 {White mates.} Qe1+ 63. Kd5 Qh1+ 64. Ke5 Qe1+ 65. Kf6 {[%csl Gf6][%cal Rf7g7]} Qc3+ 66. Ke7 Qe1+ 67. Kf8 {[%cal Rf7h5]} Qe5 68. Qg8# {Precision: White = 52%, Black = 36%.} 1-0

[Event "13th Poti Nana Aleksandria Cup"]
[Site "Poti"]
[Date "2018.07.16"]
[Round "5"]
[White "Samadov, Read"]
[Black "Tihonov, Gennady"]
[Result "1-0"]
[WhiteElo "2037"]
[BlackElo "1845"]
[Annotator "NA RC"]
[PlyCount "169"]
[EventDate "2018.07.13"]
[EventType "swiss"]
[EventCountry "GEO"]
[SourceTitle "playchess.com"]
[Source "ChessBase"]
[SourceQuality "1"]
[TimeControl "40/5400+30:1800+30"]

1. e4 {[%emt 0:00:00]} c6 {[%emt 0:00:30]} 2. d4 {[%emt 0:00:00]} d5 {[%emt 0:00:10]} 3. Nc3 {[%emt 0:00:00]} dxe4 {[%emt 0:00:10]} 4. Nxe4 {[%emt 0:00:00]} Nd7 {[%emt 0:00:07]} 5. Ng5 {[%emt 0:00:44]} h6 {[%emt 0:01:52] B17: Caro-Kann: Modern Line (4...Nd7)} (5... Ngf6 6. Bd3 e6 7. N1f3 Bd6 8. Qe2 h6 9. Ne4 Nxe4 10. Qxe4 Qc7 11. O-O b6 12. Qg4 Kf8 13. Re1 c5 14. Qh4 Bb7 15. Be4 Be7 16. Qh3 Bxe4 17. Rxe4 Rd8 18. c3 Qb7 19. Re2 Kg8 {½-½ (75) Duda,J (2707)-Ivanchuk,V (2728) Tbilisi 2017}) 6. Ne6 {[%emt 0:00:38]} Qa5+ {[%emt 0:00:05]} 7. Bd2 {[%emt 0:00:42]} Qb6 {[%emt 0:00:06]} 8. Nxf8 {[%emt 0:06:09]} Nxf8 {[%emt 0:00:08]} 9. Bc3 {[%emt 0:03:23]} Nf6 {[%emt 0:01:55]} 10. Bd3 {[%emt 0:06:10]} Ne6 {[%emt 0:01:51]} 11. Ne2 {[%emt 0:02:06]} O-O {[%emt 0:04:06]} 12. O-O {[%emt 0:05:23]} Bd7 $146 {[%emt 0:00:44]} ({Predecessor:} 12... Rd8 13. Qd2 Qc7 14. Rfe1 Nd5 15. b3 Ng5 16. Bb2 Bg4 17. c4 Bxe2 18. Bxe2 Qf4 19. Rad1 Qxd2 {0-1 (19) Huber,M-Rattay,W IECG email 2002}) 13. Qd2 {[%emt 0:03:44]} Qc7 {[%emt 0:00:08]} 14. Rae1 {[%emt 0:14:50]} Rad8 {[%emt 0:00:15]} 15. Ng3 {[%emt 0:01:50]} Rfe8 {[%emt 0:07:34]} 16. Nf5 {[%emt 0:07:21]} Bc8 {[%emt 0:04:00]} 17. Re3 {[%emt 0:08:24]} Nf4 {[%emt 0:13:02]} 18. Rfe1 {[%emt 0:07:45]} Bxf5 {[%emt 0:00:42]} 19. Bxf5 {[%emt 0:01:51]} Rd5 {[%emt 0:01:43]} 20. Re5 {[%emt 0:02:00]} Rxe5 {[%emt 0:15:16]} 21. Rxe5 {[%emt 0:05:41]} N4d5 {[%emt 0:01:32]} 22. h3 {[%emt 0:02:39]} Rd8 {[%emt 0:03:27]} 23. Qe1 {[%emt 0:03:32]} e6 {[%emt 0:02:09]} 24. Bd3 {[%emt 0:00:47]} Nxc3 {[%emt 0:00:21]} 25. bxc3 {[%emt 0:02:04]} Rd5 {[%emt 0:01:21]} 26. Re3 {[%emt 0:01:34]} c5 {[%emt 0:01:16]} 27. dxc5 {[%emt 0:02:37]} Rxc5 {[%emt 0:00:36]} 28. c4 {[%emt 0:01:30]} Ra5 {[%emt 0:01:58]} 29. Qa1 {[%emt 0:02:31]} Qd6 {[%emt 0:04:57]} 30. Bf1 {[%emt 0:02:18]} Rc5 {[%emt 0:09:46]} 31. Rd3 {[%emt 0:01:02]} Qe7 {[%emt 0:00:48]} 32. Qd1 {[%emt 0:01:52]} Rc8 {[%emt 0:00:43]} 33. Rd6 {[%emt 0:01:07]} b6 {[%emt 0:02:06]} 34. Be2 {[%emt 0:00:49]} Nd5 {[%emt 0:05:03]} 35. Rxd5 {[%emt 0:00:47]} exd5 {[%emt 0:00:06]} 36. cxd5 {[%emt 0:00:08]} Re8 {[%emt 0:02:12]} 37. Bf1 {[%emt 0:01:13]} Qd6 {[%emt 0:00:44]} 38. c4 {[%emt 0:01:40]} Rd8 {[%emt 0:00:47]} (38... Qb4 $19 {bietet bessere Gewinnchancen.} 39. Be2 Qb2) 39. Qa4 {[%emt 0:00:53]} a5 {[%emt 0:01:08]} 40. g3 {[%emt 0:00:00]} Qd7 {[%emt 0:00:00]} 41. Qb3 {[%emt 0:04:18]} Qd6 {[%emt 0:01:26]} 42. Qe3 {[%emt 0:04:40]} Kf8 {[%emt 0:03:05]} 43. Qe4 {[%emt 0:01:27]} Re8 {[%emt 0:02:36]} 44. Qf5 {[%emt 0:01:44]} a4 {[%emt 0:00:46]} (44... Re1 $19 45. Qc8+ Ke7 46. Qb7+ Kf6) 45. Qc2 {[%emt 0:00:58]} a3 {[%emt 0:00:49]} 46. Qa4 {[%emt 0:01:48]} (46. Qc3 $17 {keeps fighting.}) 46... Rd8 {[%emt 0:01:19]} (46... Re1 $19 47. Kg2 g6) 47. Qb3 {[%emt 0:02:57]} Ra8 {[%emt 0:01:34]} 48. Qb1 {[%emt 0:01:13]} Kg8 {[%emt 0:00:16]} (48... Qf6 $19 49. Qd3 g6) 49. Bg2 {[%emt 0:02:04]} (49. Qe4 $17) 49... Ra4 {[%emt 0:02:59]} 50. Qb5 {[%emt 0:03:40] [#]} Rb4 $1 {[%emt 0:01:25]} 51. Qe8+ {[%emt 0:02:37]} Qf8 {[%emt 0:00:10]} 52. Qe5 {[%emt 0:04:25]} Rxc4 {[%emt 0:02:03]} 53. d6 {[%emt 0:01:26]} Rc1+ {[%emt 0:00:23]} 54. Kh2 {[%emt 0:00:13]} Rd1 {[%emt 0:00:09]} 55. Bd5 {[%emt 0:00:37]} Rd2 {[%emt 0:04:23]} (55... b5 $1 $15) 56. Kg2 $2 {[%emt 0:00:15]} (56. d7 $1 $11) 56... Qd8 {[%emt 0:01:32]} 57. Bxf7+ {[%emt 0:00:37]} Kf8 {[%emt 0:01:49]} 58. Bb3 {[%emt 0:03:08]} Qf6 {[%emt 0:03:08]} ({But not} 58... Qxd6 $6 59. Qc3 $11) 59. Qe3 {[%emt 0:00:22]} Rxd6 {[%emt 0:01:27]} 60. Ba4 {[%emt 0:00:15]} Qe7 {[%emt 0:02:46]} 61. Qxa3 {[%emt 0:00:24]} Rf6 {[%emt 0:02:37]} 62. Qd3 {[%emt 0:00:42]} g6 {[%emt 0:01:17]} 63. Bb3 {[%emt 0:00:25]} Kg7 {[%emt 0:00:58]} 64. Qd5 {[%emt 0:00:19]} Qf8 {[%emt 0:01:53]} 65. Qd4 {[%emt 0:00:30]} Kh7 {[%emt 0:00:40]} 66. h4 {[%emt 0:00:14]} h5 $11 {[%emt 0:01:03]} (66... Qd6 $17 67. Qe3 h5) 67. Kg1 {[%emt 0:01:19]} Rd6 {[%emt 0:02:00]} 68. Qe3 {[%emt 0:00:29]} Qf6 {[%emt 0:00:53]} 69. Kg2 {[%emt 0:00:42]} Rd8 {[%emt 0:01:09]} 70. Qe4 {[%emt 0:00:47]} Rf8 {[%emt 0:00:37]} 71. Qe3 {[%emt 0:00:24]} Qc6+ {[%emt 0:00:47]} 72. Kg1 {[%emt 0:00:07]} Re8 {[%emt 0:01:55]} 73. Qd2 {[%emt 0:01:05]} Rc8 {[%emt 0:01:14]} 74. Qd3 {[%emt 0:00:27]} Re8 {[%emt 0:01:33]} 75. Qd1 {[%emt 0:00:18]} Qe4 {[%emt 0:00:45]} 76. Qd7+ {[%emt 0:00:25]} Qe7 {[%emt 0:00:19]} 77. Qb5 {[%emt 0:00:55]} Qd8 {[%emt 0:02:39]} 78. Qc6 {[%emt 0:00:30]} Re7 {[%emt 0:01:54]} 79. Bc2 {[%emt 0:00:22]} Rg7 {[%emt 0:00:27]} 80. Qf3 {[%emt 0:00:24]} Kh8 {[%emt 0:00:25]} 81. Qf4 {[%emt 0:00:25]} Qc8 {[%emt 0:00:38]} 82. Qh6+ {[%emt 0:00:26]} Rh7 {[%emt 0:00:44]} 83. Qxg6 {[%emt 0:00:04]} Rg7 {[%emt 0:01:27]} 84. Qxh5+ {[%emt 0:00:08]} Kg8 {[%emt 0:00:13]} 85. Bb3+ {[%emt 0:00:02]} 1-0

[Event "13th Poti Nana Aleksandria Cup"]
[Site "Poti"]
[Date "2018.07.16"]
[Round "5"]
[White "Gordon, Evgeny"]
[Black "Bibilashvili, Lali"]
[Result "1/2-1/2"]
[WhiteElo "2016"]
[BlackElo "1816"]
[Annotator "NA RC"]
[PlyCount "139"]
[EventDate "2018.07.13"]
[EventType "swiss"]
[EventCountry "GEO"]
[SourceTitle "playchess.com"]
[Source "ChessBase"]
[SourceQuality "1"]
[TimeControl "40/5400+30:1800+30"]

1. d4 {[%emt 0:00:00]} Nf6 {[%emt 0:00:20]} 2. c4 {[%emt 0:00:00]} g6 {[%emt 0:00:03]} 3. Nc3 {[%emt 0:00:00]} Bg7 {[%emt 0:00:04]} 4. e3 {[%emt 0:00:49]} O-O {[%emt 0:00:06]} 5. Nf3 {[%emt 0:00:05]} d6 {[%emt 0:00:13]} 6. Be2 {[%emt 0:00:19]} Nbd7 {[%emt 0:00:13]} 7. O-O {[%emt 0:00:35]} e5 {[%emt 0:00:14]} 8. Qc2 {[%emt 0:01:00]} c6 {[%emt 0:00:18]} 9. Rd1 {[%emt 0:00:32]} Qc7 {[%emt 0:02:49] E61: King's Indian: Early deviations for White, including Smyslov System} 10. b4 {[%emt 0:07:46]} (10. b3 Re8 11. Ba3 exd4 12. Nxd4 Nc5 13. Bf3 Bg4 14. Rac1 Rad8 15. h3 Bxf3 16. Nxf3 a5 17. Bxc5 dxc5 18. Rxd8 Rxd8 {1-0 (72) Ernst,S (2535)-Van Foreest,J (2578) Utrecht 2016}) 10... a5 $146 {[%emt 0:02:37]} ({Predecessor:} 10... Re8 11. Bb2 exd4 12. Nxd4 Ne5 13. b5 Bg4 14. Bxg4 Nexg4 15. h3 Ne5 16. Nce2 Rac8 17. bxc6 bxc6 18. Qa4 Nfd7 19. Rac1 Nc5 20. Qa6 {0-1 (20) Sabuk,P (2382)-Brodowski,P (2430) Katowice 2017}) 11. b5 {[%emt 0:08:15]} Ne8 {[%emt 0:20:59]} (11... exd4 $11 {remains equal.} 12. exd4 Nb6) 12. Bb2 {[%emt 0:07:58]} f5 {[%emt 0:05:14]} 13. Rac1 {[%emt 0:03:04]} exd4 {[%emt 0:12:38]} 14. exd4 {[%emt 0:04:27]} Bh6 {[%emt 0:03:40]} 15. Rb1 {[%emt 0:02:54]} Nef6 {[%emt 0:00:06] [#]} (15... Ndf6 $16 16. Qb3 Be6) 16. Bc1 {[%emt 0:01:40]} (16. bxc6 $1 $18 bxc6 17. d5) 16... Bg7 {[%emt 0:03:20]} 17. Ng5 {[%emt 0:10:18]} Re8 {[%emt 0:00:24]} 18. Bf1 {[%emt 0:06:50]} h6 {[%emt 0:00:52]} 19. Nf3 {[%emt 0:00:38]} Ne4 {[%emt 0:00:49]} 20. Nxe4 {[%emt 0:01:09]} fxe4 {[%emt 0:06:05]} 21. Nh4 {[%emt 0:06:25]} Nf8 {[%emt 0:01:48]} 22. g3 {[%emt 0:01:51]} g5 {[%emt 0:03:57]} 23. Ng2 {[%emt 0:00:05]} Bg4 {[%emt 0:00:43]} 24. Be2 {[%emt 0:00:12]} Bf5 {[%emt 0:13:21]} 25. Be3 {[%emt 0:02:10]} Qf7 {[%emt 0:03:04]} 26. bxc6 {[%emt 0:02:06]} bxc6 {[%emt 0:00:03]} 27. Rb6 {[%emt 0:01:09]} Qc7 {[%emt 0:07:28]} 28. Rdb1 {[%emt 0:05:28]} Bc8 {[%emt 0:03:23]} 29. Qa4 {[%emt 0:03:25]} Bd7 {[%emt 0:03:14]} 30. Rb7 {[%emt 0:05:40]} Qd8 {[%emt 0:00:02]} 31. Bh5 {[%emt 0:06:01]} Re7 {[%emt 0:00:51]} 32. Qa3 {[%emt 0:04:39]} Be6 {[%emt 0:01:09]} 33. Be2 {[%emt 0:00:47]} Rxb7 {[%emt 0:02:14]} 34. Rxb7 {[%emt 0:00:01]} Qc8 {[%emt 0:00:10]} 35. Qb2 {[%emt 0:03:06]} Nd7 {[%emt 0:02:08]} 36. Qb1 {[%emt 0:00:28]} Bf5 {[%emt 0:00:33]} 37. h4 {[%emt 0:01:40]} gxh4 $2 {[%emt 0:01:07]} (37... Bf6 $14) 38. Nxh4 {[%emt 0:00:09]} Bh7 {[%emt 0:00:06]} 39. Bg4 {[%emt 0:00:19]} Rb8 {[%emt 0:00:35]} 40. Rxb8 {[%emt 0:00:00]} Qxb8 {[%emt 0:00:00]} 41. Qxb8+ {[%emt 0:23:25]} Nxb8 {[%emt 0:00:08]} 42. Be6+ {[%emt 0:00:10]} Kf8 {[%emt 0:01:17]} 43. Nf5 {[%emt 0:00:19]} Bxf5 {[%emt 0:00:04]} 44. Bxf5 {[%emt 0:00:02]} d5 {[%emt 0:00:06]} 45. cxd5 {[%emt 0:02:32]} cxd5 {[%emt 0:00:03]} 46. Be6 {[%emt 0:00:07]} Nc6 {[%emt 0:00:41]} 47. Bxd5 {[%emt 0:00:18]} Nxd4 {[%emt 0:01:37]} 48. Bxe4 {[%emt 0:00:14]} a4 {[%emt 0:02:19]} 49. Kg2 {[%emt 0:01:50]} Ke7 {[%emt 0:00:04]} 50. Kh3 {[%emt 0:00:49]} Kd6 {[%emt 0:00:17]} 51. Kg4 {[%emt 0:00:19]} Ne2 {[%emt 0:11:51]} 52. Kh5 {[%emt 0:02:28]} a3 {[%emt 0:02:54]} 53. Bh7 {[%emt 0:03:57]} Nc3 {[%emt 0:02:11]} 54. Bg8 $18 {[%emt 0:00:13]} Ne4 {[%emt 0:00:35]} 55. Kg6 {[%emt 0:01:13]} Be5 {[%emt 0:00:50]} 56. Ba7 {[%emt 0:03:09]} Kc6 {[%emt 0:06:40]} 57. Kf5 {[%emt 0:00:59]} Bxg3 {[%emt 0:05:47]} 58. Kxe4 {[%emt 0:00:09]} Bd6 {[%emt 0:00:07]} 59. Be3 {[%emt 0:00:17]} h5 {[%emt 0:00:03]} 60. Kf5 {[%emt 0:00:23]} h4 {[%emt 0:00:17]} 61. Kg4 {[%emt 0:00:08]} Be7 {[%emt 0:00:09]} 62. f4 {[%emt 0:00:28]} Kb5 {[%emt 0:02:35]} 63. Bf2 {[%emt 0:00:13]} Kb4 {[%emt 0:00:04]} 64. Bxh4 {[%emt 0:00:11]} Bd6 {[%emt 0:00:04]} 65. Bf6 {[%emt 0:00:20]} Bf8 {[%emt 0:00:22]} 66. Kf5 {[%emt 0:00:11]} Bd6 {[%emt 0:00:28]} 67. Be5 {[%emt 0:00:07]} Bf8 {[%emt 0:00:30]} 68. Ke6 {[%emt 0:00:15]} Kc4 {[%emt 0:00:30]} 69. f5 {[%emt 0:00:19]} Kd3 {[%emt 0:00:04]} 70. Bd6 {[%emt 0:00:16]} 1/2-1/2

[Event "13th Poti Nana Aleksandria Cup"]
[Site "Poti"]
[Date "2018.07.16"]
[Round "5"]
[White "Janiashvili, Mariami"]
[Black "Matevosyan, Sedrak"]
[Result "1/2-1/2"]
[WhiteElo "1988"]
[BlackElo "2161"]
[Annotator "TA"]
[PlyCount "151"]
[EventDate "2018.07.13"]
[EventType "swiss"]
[EventCountry "GEO"]
[SourceTitle "playchess.com"]
[Source "ChessBase"]
[SourceQuality "1"]

{[%evp 14,151,43,41,43,10,10,10,12,8,25,14,10,0,4,2,14,0,7,0,14,0,0,-9,0,0,0,0,0,-69,-56,-106,-144,-147,-141,-283,-266,-265,-158,-163,-164,-162,-159,-242,-256,-249,-241,-241,-241,-243,-262,-274,-257,-257,-212,-210,-162,-216,-213,-191,-162,-162,-162,-160,-150,-144,-157,-157,-156,-222,-213,-264,-251,-250,-191,-216,-216,-212,-197,-273,-262,-233,-148,-336,-131,-402,0,0,0,0,0,-12837,-12838,-12838,-12839,-12839,-12839,-12840,-12840,-12838,0,0,0,0,0,0,0,0,0,0,0,0,0,0,0,-152,0,-152,0,0,0,0,0,0,0,-12850,-1233,-12850,-12850,-12850,-12851,-12851,0,0,0,0,0,0,0,0]} 1. d4 Nf6 2. c4 e6 3. Nf3 b6 4. a3 Ba6 5. Qb3 c5 6. d5 {E12: Queen's Indian: Unusual White 4th moves, 4 a3, 4 Nc3 Bb7 5 a3 and 4 Nc3 Bb7} exd5 7. cxd5 d6 8. Nc3 {LiveBook: 19 Games. White is slightly better.} Nbd7 9. Qa4 $146 ({Predecessor:} 9. g3 Be7 10. Bg2 O-O 11. O-O Re8 12. Re1 Bf8 13. Bf4 h6 {0-1 (58) Dreev,A (2676)-Nisipeanu,L (2592) Cap d'Agde 2000}) 9... Bb7 10. e4 a6 11. Bd3 b5 12. Qd1 g6 13. O-O Bg7 14. Bf4 Qb6 15. Qd2 O-O 16. h3 Rfe8 17. Rae1 c4 18. Bc2 a5 19. a4 b4 20. Nb5 Bf8 $1 21. Qd4 (21. Be3 $1 $11 Nc5 22. Qd4) 21... Ba6 $15 22. Qxb6 Nxb6 23. Nc7 b3 $1 {[%cal Rb3c2]} 24. Nxa8 (24. Bd1 $17 {was worth a try.}) 24... Rxa8 $19 25. Be3 Nxa4 (25... Nfd7 $1 $19 26. Bd1 Nxa4) 26. Ra1 $17 bxc2 27. Rxa4 {[#]} c3 $1 {[%cal Rc3b2][%mdl 512]} 28. bxc3 (28. b3 $17 Bxf1 29. Kxf1) 28... Bxf1 $19 29. Kxf1 Rb8 $1 30. Ke2 Rb1 31. Kd3 c1=Q 32. Bxc1 Rxc1 33. Rxa5 Nd7 {Threatens to win with ...Nc5+.} 34. Ra8 Kg7 35. Ra7 (35. Kd2 $142 Rf1 36. Ke2) 35... Nc5+ 36. Kd2 Rb1 37. e5 Rb7 38. Rxb7 Nxb7 39. Kd3 dxe5 40. Nxe5 f6 41. Nd7 (41. Nc6 $17 {was necessary.}) 41... Bd6 $1 42. Kc4 Kf7 43. Kb5 Ke7 44. Nb6 Bc5 45. Kc6 Bxb6 $1 46. Kxb6 {[%mdl 4096] Endgame KN-KP} (46. Kxb7 {was the only defense.} Ba5 47. c4) 46... Nd6 47. Kc6 h6 48. f3 $2 (48. g4 $17 {might work better.}) 48... h5 49. g4 $2 {[%mdl 8192]} (49. h4 $17) 49... hxg4 $2 (49... h4 $19 50. Kc5 Nf7) 50. hxg4 $11 g5 51. Kc5 Kd7 52. c4 $2 {[%mdl 8192]} (52. Kd4 $11) 52... Nf7 $1 $19 {[%cal Rf7e5]} 53. Kd4 Ne5 54. c5 Nxf3+ {KN-K3P} 55. Ke4 {[#]} Nh4 $1 56. Kd4 Ke7 $2 (56... Ng2 $19 {aiming for ...Nf4.} 57. Ke4 Nf4) 57. Ke4 $1 $11 Ng6 58. c6 $1 {[%cal Bc5c6,Bc6c7,Bc7c8,Bc8d6][%mdl 32]} Ne5 59. Kf5 Kf7 60. c7 Nc4 {[%cal Rc4d6]} 61. c8=N {KN-KN} Ne3+ 62. Ke4 Nxg4 63. Nd6+ Kg6 64. Kd4 $2 (64. Nc4 $11) 64... f5 $2 ({Black should play} 64... Ne5 $17 {Strongly threatening ...Nd7.} 65. Nb7 Nd7) 65. Ne8 $2 {[#]} ({Better is} 65. Nb7 $11) 65... Kf7 $2 (65... Nf6 $1 $17 {[%cal Rf6e8]} 66. Nd6 Nd7) 66. Nd6+ Kf6 67. Nc4 Nh6 {And now ...Nf7 would win.} 68. d6 $1 Ke6 {...Nf7 is the strong threat.} 69. Kc5 $2 {[%mdl 8192]} (69. d7 $11 Nf7 70. Ne3) 69... g4 (69... Nf7 $142 70. d7 Kxd7) 70. Kd4 Nf7 71. d7 Kxd7 72. Ke3 Ke6 $2 (72... g3 $19 73. Ke2 Ke6) 73. Kf4 {The position is equal.} Nh8 74. Ne5 {[#]} g3 $1 75. Nf3 (75. Kxg3 Kxe5) 75... g2 76. Kg3 {Precision: White = 50%, Black = 71%.} 1/2-1/2

[Event "13th Poti Nana Aleksandria Cup"]
[Site "Poti"]
[Date "2018.07.16"]
[Round "5"]
[White "Tsotsonava, Elene"]
[Black "Nikulina, Alena"]
[Result "1/2-1/2"]
[WhiteElo "1647"]
[BlackElo "1959"]
[Annotator "NA RC"]
[PlyCount "93"]
[EventDate "2018.07.13"]
[EventType "swiss"]
[EventCountry "GEO"]
[SourceTitle "playchess.com"]
[Source "ChessBase"]
[SourceQuality "1"]
[TimeControl "40/5400+30:1800+30"]

1. e4 {[%emt 0:00:00]} c5 {[%emt 0:10:24]} 2. Nf3 {[%emt 0:00:00]} Nf6 {[%emt 0:00:19]} 3. Nc3 {[%emt 0:00:20]} Nc6 {[%emt 0:01:48]} 4. d4 {[%emt 0:00:09]} d5 {[%emt 0:04:41]} 5. exd5 {[%emt 0:04:08]} Nxd5 {[%emt 0:03:56]} 6. Ne4 {[%emt 0:12:23] B29: Sizilianisch (Rubinstein-Variante)} (6. Nxd5 Qxd5 7. Be3 cxd4 8. Nxd4 a6 9. c3 e5 10. Qb3 Qxb3 11. Nxb3 Be6 12. O-O-O f5 13. f3 Kf7 14. Be2 Be7 15. Nc5 Bxc5 16. Bxc5 Rhd8 17. b3 Rxd1+ 18. Rxd1 {1-0 (48) Alekseev,E (2616)-Kantans,T (2484) Katowice 2017}) 6... cxd4 {[%emt 0:36:29]} 7. Nxd4 {[%emt 0:00:38]} e5 {[%emt 0:00:58]} 8. Nxc6 {[%emt 0:00:39]} bxc6 {[%emt 0:00:06]} 9. Be2 {[%emt 0:02:21]} Be7 {[%emt 0:01:47]} 10. O-O {[%emt 0:00:29]} O-O {[%emt 0:02:52]} 11. c4 {[%emt 0:00:37]} Nb6 $146 {[%emt 0:00:21]} ({Vorgänger:} 11... Nb4 12. Qa4 Bf5 13. Rd1 Qc7 {½-½ (52) Briukhovich,A-Babiy,P Kiev 2003}) 12. Be3 {[%emt 0:01:20]} f5 {[%emt 0:01:03]} 13. Nc3 {[%emt 0:01:00]} Be6 {[%emt 0:02:41]} 14. b3 {[%emt 0:00:29]} Bf6 {[%emt 0:07:33]} 15. Qc2 {[%emt 0:00:53]} Qc7 {[%emt 0:00:53]} 16. Rad1 {[%emt 0:00:58]} Rad8 {[%emt 0:02:31]} 17. f3 {[%emt 0:00:40]} Qf7 {[%emt 0:03:53]} 18. Bd3 {[%emt 0:02:00]} Be7 {[%emt 0:02:10]} 19. Rfe1 {[%emt 0:01:08]} Nc8 {[%emt 0:05:52]} 20. Bf2 {[%emt 0:00:24]} Bd6 {[%emt 0:00:38]} 21. Na4 {[%emt 0:01:48]} Qh5 {[%emt 0:02:42]} (21... Qe7 $14) 22. Bg3 {[%emt 0:06:58]} e4 {[%emt 0:01:29]} 23. Bxd6 {[%emt 0:00:21]} Nxd6 {[%emt 0:02:48]} 24. c5 {[%emt 0:10:02]} exd3 {[%emt 0:01:30]} 25. Rxd3 {[%emt 0:00:08]} Ne4 {[%emt 0:01:02]} 26. Rxd8 {[%emt 0:03:38]} Rxd8 {[%emt 0:00:12]} 27. fxe4 {[%emt 0:00:13]} fxe4 {[%emt 0:00:31]} 28. Qxe4 {[%emt 0:00:55]} Bd5 {[%emt 0:00:06]} 29. Qe7 {[%emt 0:00:35]} Rf8 {[%emt 0:00:24]} 30. Nc3 {[%emt 0:05:39]} Qf5 {[%emt 0:01:23]} 31. Qe3 {[%emt 0:01:17]} Bf7 {[%emt 0:00:11]} 32. Rf1 {[%emt 0:01:55]} Qd7 {[%emt 0:00:41]} 33. Rd1 $16 {[%emt 0:03:50]} Qg4 {[%emt 0:00:29]} 34. Rd4 {[%emt 0:05:48]} Qf5 {[%emt 0:00:55]} 35. Rf4 {[%emt 0:03:29]} Qc2 {[%emt 0:00:28]} 36. Rf2 {[%emt 0:00:25]} Qg6 {[%emt 0:00:05]} 37. Qe4 {[%emt 0:00:36]} Qg5 {[%emt 0:00:30]} 38. Qd4 {[%emt 0:05:37]} Rd8 {[%emt 0:00:30]} 39. Qf4 {[%emt 0:01:10]} Qe7 {[%emt 0:00:54]} 40. Ne4 {[%emt 0:00:00]} Bd5 {[%emt 0:00:00]} 41. Qg5 {[%emt 0:03:48]} Qxg5 {[%emt 0:05:05]} 42. Nxg5 {[%emt 0:00:08]} a5 {[%emt 0:00:15]} 43. Rf4 {[%emt 0:01:02]} Rb8 {[%emt 0:04:09]} 44. Kf2 {[%emt 0:02:05]} Rb5 {[%emt 0:00:26]} 45. Ne4 {[%emt 0:00:28]} Bxe4 {[%emt 0:07:23]} 46. Rxe4 {[%emt 0:00:12]} Rxc5 {[%emt 0:00:02]} 47. Rc4 {[%emt 0:11:52]} 1/2-1/2